000 00807nam a2200205 a 4500
001 000024989
005 20200930023507.0
008 110208s1981 ag a r 000 0 spa d
040 _aDO-SdBNP
_bspa
_cBNPHU
082 _axxxxx
_bN964
245 0 3 _aEl nuevo sistema monetario internacional /
_ccoordinación Robert A. Mundell , Jacques J. Polak ; traducción Sonia R. Castelli.
260 _aBuenos Aires, Argentina :
_bLa Ley,
_c1981.
300 _a250 p. :
_bil. ;
_c20 cm.
500 _aIncluye notas al pie de las páginas.
534 _aTítulo original:
_tThe new international monetary system,
_cNew York, Columbia University Press, 1977
700 1 _aMundell, Robert A.,
_ecoord.
_951278
700 1 _aPolak, Jacques J.,
_ecoord.
_951279
700 1 _aCastelli, Sonia R.,
_etr.
_951280
049 _aBNGR
999 _c24482
_d24482